'R' Cartoon Characters by Picture Quiz Stats

 Plays Quiz Updated Oct 25, 2016

Score 0/20 Timer 06:00
2 Plays Today
Column Character % Correct
Robin Hood
88.2%
Rex
86.9%
Roadrunner
83.9%
Rabbit
79.3%
Roger Rabbit
78.1%
Rapunzel
74.3%
Ren
69.3%
Ralph Wiggum
68.6%
Rafiki
68%
Rocky
61.2%
Column Character % Correct
Remy
61.2%
Ron Stoppable
52.1%
Randall Boggs
50.2%
Rattata
49.6%
Rocko
49.4%
Rainbow Brite
48.8%
Raven
44.3%
Rajah
42.3%
Randy Marsh
41.3%
Rasputin
31.4%

You're not logged in!

Compare scores with friends on all Sporcle quizzes.
OR
Log In

Sporcle TV

Today on Sporcle TV


Watch our educational content, quiz creation guides, and fun videos on Sporcle TV.

Show Comments

Extras

Top Quizzes Today


Score Distribution

Your Account Isn't Verified!

In order to create a playlist on Sporcle, you need to verify the email address you used during registration. Go to your Sporcle Settings to finish the process.

Report this User

Report this user for behavior that violates our Community Guidelines.

Details: